| 000 | 00584nam a2200169 i 4500 | ||
|---|---|---|---|
| 001 | 81386 | ||
| 003 | ES-MaACL | ||
| 005 | 20230906174427.0 | ||
| 007 | t| | ||
| 008 | 041104s1932 sp ||||1| spa d | ||
| 100 | 1 |
_aHoyos y Vinent, Antonio de, _dca. 1885-1940 _964441 |
|
| 245 | 1 | 3 |
_aEl primer estado _b: actuación de la aristocracia antes de la revolución, en la revolución y después y después de ella / _cAntonio de Hoyos y Vinent. |
| 260 |
_aMadrid : _b[s.n., _c1932] ( _fArgis) |
||
| 300 |
_a256 p. ; _c20 cm. |
||
| 852 |
_aES-MaACL _jF-14542 |
||
| 999 |
_c81386 _d81386 |
||